| 000 | 01226nam a2200289Ia 4500 | ||
|---|---|---|---|
| 001 | H4214 | ||
| 003 | IT-RoPAU | ||
| 008 | 130308s9999 xx 000 0 und d | ||
| 040 | _aIT-RoPAU | ||
| 040 | _cIT-RoPAU | ||
| 041 | _aITALIANO | ||
| 100 | _aCortella Lucio | ||
| 100 | _gCodice Aut. SPICS: 57569 | ||
| 245 | _aComunicare le cose. Adorno e il linguaggio | ||
| 245 | _bComunicazione (La) - Cio' che si Dice e Cio' che Non si Lascia Dire | ||
| 250 | _a1a ed. | ||
| 260 | _aROMA | ||
| 260 | _bDonzelli | ||
| 260 | _c2003 [1° Ed.:2003 - Ed.Ling.Originale:2003] | ||
| 300 | _a"11 p. (prefazione: no ; testo: 11 [pagine: 65-75])" | ||
| 500 | _aAdorno Evidenzia quella che gli Appare la caratteristica Fondamentale della Ragione, Vale a Dire la tendenza a Definire le Cose, a Identificarle con Qualcosa di Stabile e di Preciso e Ad Escludere la Minacciosa Intrusione dell'Altro. L'Intento di Adorno è Quello di smascherare Questa Pretesa D'Identita': Essa, Benche' Mossa Dall'Esigenza di Dire l'essenza Ultima e Definitiva della Cosa, finisce per Stravolgerne la Natura. | ||
| 650 | _aSAGGI DI COMUNICAZIONE SOCIALE | ||
| 650 | _eCodice materia Spics: 3807 | ||
| 942 | _cBK | ||
| 957 | _71 | ||
| 999 |
_c80730 _d80730 |
||
| 999 | _g1 | ||